000
00294 a2200145 4500
001
189014
020
_a
040
_c
Magnum
240
1
0
_a
Pratique gentileza
_l
por
245
1
0
_a
Pratique gentileza
300
_a
28
362
0
_a
2010
697
_a
LITERATURA INFANTO-JUVENIL
942
_c
BK
999
_c
189014
_d
189014